00575nam a2200169Ia 450000500170000000800460001703700140006304000210007704100130009808400220011124500390013324500280017226000820020030000150028236500120029754600960030920250508165419.0008 250505s9999 xx 000 0 eng d aReference aFEDL bengcFEDL aeng2eng a375, NCE/RRqFEDL 0aNational curriculum framework 2005 0cNCERT (New Delhi India) aNew Delhi, IndiabNational Council of Educational Research and Trainingc2005 axvii,140p. aINRb95 aAcc. No. 088622 is gifted book by Pallavi Seth and 92596 is gifted by Prof. Bharaty Baveja